La División de DD.HH. de la PNC

Gespeichert in:
Bibliographische Detailangaben
Format: Text
Schlagworte:
Tags: Tag hinzufügen
Keine Tags, Fügen Sie den ersten Tag hinzu!

MARC

LEADER 00000 a a2200000 04500
001 6534
003
040
245 |a La División de DD.HH. de la PNC  
650 |a DERECHOS HUMANOS  
650 |a ORGANISMOS ESPECIALIZADOS  
650 |a PLANES NACIONALES  
650 |a EJECUCION DE PROYECTOS  
773 |g volumen 22, número 972; páginas 13-16  
999 |c 30334  |d 30334